Loading...

Jokes and their relation to the unconscious

Bibliographic Details
Main Author: Freud ,Sigmund
Format: Printed Book
Language:English
Published: Penguin Books Penguin Books 1991
LEADER 00489nam a2200121Ia 4500
008 111204s9999 xx 000 0 eng d
100 |a Freud ,Sigmund 
245 |a Jokes and their relation to the unconscious  |c Freud ,Sigmund 
260 |b Penguin Books  |a Penguin Books  |c 1991 
300 |a 330 
942 |c BK 
999 |c 218983  |d 218983 
952 |0 0  |1 0  |2 ddc  |4 0  |6 E_150_195000000000000_2_FRE_J  |7 0  |9 241933  |a MAL  |b MAL  |c ST1  |d 2011-12-05  |g 8.00  |l 1  |o E 150.195 2 FRE/J  |p MAL24144  |r 2013-11-16  |s 2013-08-29  |v 8.00  |w 2011-12-05  |y BK